000 02251nam0a22003371 4500
001 v19\rc\1517165
005 20260406101041.0
035 _a(NLR Aleph) 005233631
090 _a5631398
_c5631398
100 _a20060620e18851885|||y0rusy50 ca
101 0 _arus
102 _aRU
105 _aa z |||||
200 1 _aО раке матки, с описание двух случаев влагалищной экстирпации этого органа, выздоровление
_e[Из лекций, чит. среднему курсу в 1884/5 уч. г.]
_f[Соч.] А.И. Лебедева, э. о. проф. Воен.-мед. акад.
210 _aСанкт-Петербург
_cтип. М.М. Стасюлевича
_d1885
215 _a30 с.
_cил.
_d25
309 _aБез тит. л.
311 _aОтт. из "Еженед. клинич. газ." 1885, № 7, с. 105-107; № 8, с. 121-128; № 9, с. 137-147; № 10, с. 155-160; № 11, с. 171-178
488 0 _12001#$aЕженедельная клиническая газета$v1885, № 7
_1215##$aС. 105-107
_tЕженедельная клиническая газета
488 0 _12001#$aЕженедельная клиническая газета$v1885, № 8
_1215##$aС. 121-128
_tЕженедельная клиническая газета
488 0 _12001#$aЕженедельная клиническая газета$v1885, № 9
_1215##$aС. 137-147
_tЕженедельная клиническая газета
488 0 _12001#$aЕженедельная клиническая газета$v1885, № 10
_1215##$aС. 155-160
_tЕженедельная клиническая газета
488 0 _12001#$aЕженедельная клиническая газета$v1885, № 11
_1215##$aС. 171-178
_tЕженедельная клиническая газета
700 1 _8rus
_7ca
_aЛебедев
_bА. И.
_cврач-гинеколог
_f1950-1923
_gАлексей Иванович
_3RU\NLR\AUTH\7778660
_961588
801 2 _aRU
_bNLR
_c20090709
_2rusmarc
801 0 _aRU
_bNLR
_c20060620
_gpsbo
801 0 _aRU
_bRuMoRGB
_c20060620
_2psbo
801 1 _aRU
_bProSoft-M
_c20060620
_2rusmarc
852 _aNLR
_j18.169.1.287
942 _cBOOK
980 _aNB